banner

Introducción al psicoanálisis para educadores (Registro nro. 1861)

000 -LEADER
fixed length control field 00955nam a2200265 a 4500
003 - CONTROL NUMBER IDENTIFIER
control field AR-BaISA
005 - DATE AND TIME OF LATEST TRANSACTION
control field 20251028113528.0
007 - PHYSICAL DESCRIPTION FIXED FIELD--GENERAL INFORMATION
fixed length control field ta
008 - FIXED-LENGTH DATA ELEMENTS--GENERAL INFORMATION
fixed length control field 251028s1966 ag ||||f |||| 000 0 spa d
040 ## - CATALOGING SOURCE
Language of cataloging spa
Transcribing agency AR-BaISA
082 04 - DEWEY DECIMAL CLASSIFICATION NUMBER
Edition number 22
Classification number 150.195 2 F896
100 1# - MAIN ENTRY--PERSONAL NAME
9 (RLIN) 1931
Personal name Freud, Anna
Relator term aut.
245 10 - TITLE STATEMENT
Title Introducción al psicoanálisis para educadores
Statement of responsibility, etc. Anna Fred; Prólogo de Ángel Garma
250 ## - EDITION STATEMENT
Edition statement 5° ed.
260 ## - PUBLICATION, DISTRIBUTION, ETC.
Place of publication, distribution, etc. Buenos Aires:
Name of publisher, distributor, etc. Paidós,
Date of publication, distribution, etc. 1966
300 ## - PHYSICAL DESCRIPTION
Extent [95] p.
490 ## - SERIES STATEMENT
Serie Bbilioteca del Educador Contemporáneo;
Volume/sequential designation 45
504 ## - BIBLIOGRAPHY, ETC. NOTE
Bibliography, etc. note Bibliografía p.: [83]-94
505 ## - FORMATTED CONTENTS NOTE
Title La amnesia infantil y el complejo de Edipo --
-- La vida instintiva del niño --
-- El período de latencia --
-- Relaciones entre el psicanálisis y la pedagogía
650 14 - SUBJECT ADDED ENTRY--TOPICAL TERM
9 (RLIN) 141
Topical term or geographic name entry element Psicoanálisis
650 14 - SUBJECT ADDED ENTRY--TOPICAL TERM
9 (RLIN) 287
Topical term or geographic name entry element Educación
700 1# - ADDED ENTRY--PERSONAL NAME
9 (RLIN) 2377
Personal name Garma, Ángel
Relator term prol.
830 ## - SERIES ADDED ENTRY--UNIFORM TITLE
9 (RLIN) 2296
Uniform title Biblioteca del hombre contemporáneo
Volume/sequential designation 45
942 ## - ADDED ENTRY ELEMENTS (KOHA)
Source of classification or shelving scheme
Koha item type Libros
Edition 22
Existencias
Withdrawn status Lost status Source of classification or shelving scheme Damaged status Not for loan Permanent Location Current Location Date acquired Inventory number Full call number Barcode Date last seen Price effective from Koha item type
          Biblioteca ISALUD. Dr. Néstor Rodríguez Campoamor Biblioteca ISALUD. Dr. Néstor Rodríguez Campoamor 2025-10-28 5455 150.195 2 F896 5455 2025-10-28 2025-10-28 Libros